000 00362nam a2200133Ia 4500
008 240624s9999 xx 000 0 und d
041 _aeng
082 _a658.4092 BEN
100 _aBENNIS WARREN
245 _aLEADERS STRATEGIES FOR TAKING CHARGE
260 _c2005
_aNew York
_bHarper Collins Publishers
300 _axix, : 235 : p. : cm. ; 20
365 _cRS
_b35
999 _c7914
_d7914